The LEGO Movie (2014): Characters by Picture - Statistics

General Stats
  • This quiz has been taken 86 times
  • The average score is 14 of 22
Answer Stats
Picture Answer % Correct
Emmet
94%
Batman
87%
Superman
86%
Abraham Lincoln
84%
Wonder Woman
84%
Green Lantern
80%
Bad Cop
77%
Lord Business
77%
Wyldstyle
74%
The Green Ninja
70%
Han Solo
67%
Unikitty
66%
Gandalf
64%
Benny
63%
Dumbledore
59%
MetalBeard
57%
Lando Calrissian
56%
Vitruvius
53%
"The Man Upstairs"
46%
Finn
20%
Ma Cop
20%
Pa Cop
20%
No matching quizzes found
Score Distribution
Percent of People with Each Score
Percentile by Number Answered
Your Score History
You have not taken this quiz